000 01272nam a2200229Ia 4500
999 _c5159
_d5159
003 OSt
005 20200407025049.0
008 191128s2009 ck ab gr 000 0 spa d
020 _a9789589438237
040 _aCO-JMCR
_cCO-JMCR
041 0 _aspa
082 0 4 _a322.42 /
_bO145d
_221
110 1 _aColombia.
_bObservatorio del programa presidencial de derechos humanos
_92646
245 1 0 _aDinámica de la violencia en el departamento de Córdoba 1967 - 2008 /
260 _aBogotá :
_bObservatorio del programa presidencial de derechos humanos,
_c2009
300 _a196 páginas :
_bilustraciones a color, mapas a blanco y negro ;
_c28 cm.
505 0 _aRegionalización características generales de la población y ventajas estratégicas del Departamento para los actores armados -- Algunas generalidades sobre la economía cordobesa, la colonización el desarrollo de la ganaderia y su relación con la violencia
520 _aResulta del mayor interés hacer una interpretación sobre la dinámica reciente de la violencia en Córdoba, en especial la derivada de la confrontación armada
650 1 4 _aViolencia
_xaspectos sociales
_y1967-2008
_zCordoba (Colombia)
_92647
650 1 4 _aConflicto armado
_y1967-2008
_zCordoba (Colombia)
_92648
942 _2ddc
_cBK